<?xml version="1.0" encoding="UTF-8"?>
<marc:record xmlns:marc="http://www.loc.gov/MARC21/slim">
   <marc:leader>00000nam a2200000 a 4500</marc:leader>
   <marc:datafield ind1="1" ind2=" " tag="100">
      <marc:subfield code="a">Johann Philipp &lt;Mainz, Erzbischof&gt;</marc:subfield>
   </marc:datafield>
   <marc:datafield ind1="1" ind2=" " tag="100">
      <marc:subfield code="a">Wolfgang, Georg Andreas</marc:subfield>
   </marc:datafield>
   <marc:datafield ind1="0" ind2="0" tag="245">
      <marc:subfield code="a">Decalogale, Coniugale, Iuventutale, Threnale</marc:subfield>
   </marc:datafield>
   <marc:datafield ind1=" " ind2="1" tag="264">
      <marc:subfield code="c">1665</marc:subfield>
   </marc:datafield>
   <marc:datafield ind1=" " ind2=" " tag="250">
      <marc:subfield code="a">Editio secunda</marc:subfield>
   </marc:datafield>
   <marc:datafield ind1="1" ind2=" " tag="520">
      <marc:subfield code="a">Vermerk am Frontispiz Loci Capucinorum Wolfspergae; Frontispiz (Kupferstich) http://zentralbibliothek.kapuziner.at/kupferstiche/provinzbibliothek/provinzbibliothek_2758.jpg von G. A. Wolfgang s., Zierkupferstiche, Verzierungen und Zierinitialen im Text; Pergamenteinband auf Buchdeckeln aus Holz, Buchrücken mit Aufschrift "P. Procopii || Decal: Coniu= || gale Iuvent: || Threnale || Pars II" und "G" und Signaturschild "6", 2 Messingschließen mit Pergamentscharnieren (1 Metallhaken fehlt), türkise Schnittkante, 3 Signakel aus Leder.</marc:subfield>
   </marc:datafield>
   <marc:datafield ind1=" " ind2=" " tag="041">
      <marc:subfield code="a">ger</marc:subfield>
   </marc:datafield>
   <marc:datafield ind1=" " ind2=" " tag="500">
      <marc:subfield code="a">Bibliogr. Nachweis: VD17 824:737427A</marc:subfield>
   </marc:datafield>
   <marc:datafield ind1="0" ind2=" " tag="490">
      <marc:subfield code="v">2.</marc:subfield>
   </marc:datafield>
   <marc:datafield ind1=" " ind2=" " tag="300">
      <marc:subfield code="a">[6] Bl., 266 S., [2] Bl., S. 259 - 478, [2] Bl., S. 479 - 711, [2] Bl., S. 711 - 930 : Ill.</marc:subfield>
   </marc:datafield>
</marc:record>
